Chocolate brand logos by picture - Statistics

General Stats
  • This quiz has been taken 271 times
  • The average score is 5 of 10
Answer Stats
Picture Answer % Correct
Toblerone
92%
Mars
91%
Hershey's
84%
Lindt
78%
Milka
70%
Whittakers
40%
Patchi
7%
Valrhona
7%
Richart
6%
Teauscher
6%
No matching quizzes found
Score Distribution
Percent of People with Each Score
Percentile by Number Answered
Your Score History
You have not taken this quiz